| 000 | 05123nam a2200277 4500 | ||
|---|---|---|---|
| 003 | NALT | ||
| 005 | 20260129095321.0 | ||
| 008 | 251110b th ||||| |||| 00| 0 tha d | ||
| 020 | _a9786166210637 | ||
| 040 | _aNALT | ||
| 090 |
_aKJ 82 _bภ679ก 2568 |
||
| 100 | 0 |
_aภูมิศิริ ดำรงวุฒิ _966273 |
|
| 245 | 1 | 0 |
_aกฎหมายหลักทรัพย์และตลาดหลักทรัพย์ : การซื้อขาย การกำกับดูแล และการบังคับใช้กฎหมาย / _cภูมิศิริ ดำรงวุฒิ. |
| 250 | _aพิมพ์ครั้งที่ 1. | ||
| 260 |
_aกรุงเทพ : _bคณะนิติศาสตร์ จุฬาลงกรณ์มหาวิทยาลัย, _c2568. |
||
| 300 |
_a315 หน้า : _bตาราง, แผนภูมิ ; _c26 ซม. |
||
| 505 | 2 | _aบทที่ 1 การซื้อขายหลักทรัพย์ในตลาดหลักทรัพย์ -- 1. ความเข้าใจพื้นฐานเกี่ยวกับการซื้อขายหลักทรัพย์ในตลาดหลักทรัพย์ -- 2. กระบวนการซื้อขายหลักทรัพย์ในตลาดหลักทรัพย์ฯ -- 3. การกำกับดูลการซื้อขายหลักทรัพย์ในตลาดหลักทรัพย์ฯ -- บทที่ 2 การกระทำอันไม่เป็นธรรมในการซื้อขายหลักทรัพย์และการทุจริตของกรรมการและผู้บริหาร -- 1. ความหมายของการกระทำอันไม่เป็นธรรมในการซื้อขายหลักทรัพย์และการทุจริตของกรรมการและผู้บริหาร -- 2. หลักการและที่มาของการกำกับดูแล -- 3. การกระทำอันไม่เป็นธรรมในการซื้อขายหลักทรัพย์ตามกฎหมายหลักทรัพย์ -- 4. การทุจริตของกรรมการและผู้บริหารของบริษัทที่ออกหลักทรัพย์ตาม พ.ร.บ. หลักทรัพย์ฯ -- บทที่ 3 การเข้าถือหลักทรัพย์เพื่อครอบงำกิจการ -- 1. ความหมายและนัยสำคัญของการเข้าถือหลักทรัพย์เพื่อครอบงำกิจการ -- 2. หลักการสำคัญของกฎหมายว่าด้วยการเข้าถือหลักทรัพย์เพื่อครอบงำกิจการ -- 3. การกำกับดูแลการเข้าถือหลักทรัพย์เพื่อครอบงำกิจการในประเทศไทย -- บทที่ 4 กระบวนการบังคับใช้กฎหมาย -- 1. โครงสร้างการบังคับใช้กฎหมายหลักทรัพย์ -- 2. การดำเนินการทางปกครอง -- 3. การดำเนินการทางอาญา (Criminal actions) -- 4. การดำเนินมาตรการลงโทษทางแพ่ง (Civil sanctions) -- 5. การใช้มาตรการปรับเป็นพินัย -- บทที่ 5 การดำเนินคดีหลักทรัพย์แบบกลุ่ม -- 1. ความสำคัญของการดำเนินคดีแบบกลุ่มในความผิดเกี่ยวกับหลักทรัพย์ -- 2. หลักเกณฑ์ในการดำเนินคดีแบบกลุ่ม -- 3. ขั้นตอนการดำเนินคดีแบบกลุ่ม -- 4. ตัวอย่างการดำเนินคดีแบบกลุ่มในประเทศไทย -- 5. ตัวอย่างการดำเนินคดีหลักทรัพย์แบบกลุ่มในต่างประเทศ. | |
| 650 | 4 |
_aหลักทรัพย์ _947561 |
|
| 650 | 4 |
_aตลาดหลักทรัพย์ _xกฎหมายและระเบียบข้อบังคับ _930228 |
|
| 942 |
_2local _cLB |
||
| 996 |
_ajidapa.t _bACQSTF _c2025-11-10 |
||
| 996 |
_avaree.k _bLIBSTF _c2025-11-11 |
||
| 996 |
_asaiphon.d _bCATSTF _c2025-11-12 |
||
| 999 |
_c107461 _d107461 |
||
| 998 |
_j111 _k นางสาวพจพิณ พรมเอี่ยม |
||